Colorado Sports Teams History - Statistics

General Stats
  • This quiz has been taken 39 times
  • The average score is 9 of 14
Answer Stats
Hint Year Answer % Correct
Denver NHL: 1995-Present Colorado Avalanche
97%
Denver MISL: 1980-1982 Denver Avalanche
97%
Denver NFL: 1970-Present Denver Broncos
97%
Denver AFL: 1960-1969 Denver Broncos
97%
Denver NBA: 1977-Present Denver Nuggets
97%
Denver ABA: 1974-1976 Denver Nuggets
97%
Denver MLB: 1993-Present Colorado Rockies
94%
Denver NHL: 1976-1982 Colorado Rockies
94%
Denver MLS: 1996-Present Colorado Rapids
71%
Denver USFL: 1983-1985 Denver Gold
29%
Denver ABA: 1967-1974 Denver Rockets
23%
Denver WHA: 1975-1976 Denver Spurs
16%
Denver NASL: 1978 Caribous of Colorado
13%
Denver NASL: 1974-1975 Denver Dynamos
13%
No matching quizzes found
Score Distribution
Percent of People with Each Score
Percentile by Number Answered
Your Score History
You have not taken this quiz